000 00605nam a2200205 a 4500
001 000908292
003 AM-YEHGA
005 20250617160748.0
008 120727s1961 ru r 000 0 rus d
040 _aAM-YeHGA
041 0 _arus
100 1 _aМихайленко, Михаил Алексеевич
245 1 0 _aГорох /
_cМ.А Михайленко.
260 _aОмск :
_bОмское кн. изд-во,
_c1961.
300 _a64 с. :
_bрис., табл. ;
_c19 см.
650 1 4 _aБахчевые культуры
650 1 4 _aГорох
942 _2udc
_cBK
090 _c463034
999 _c459961
_d459961